Riconosci lo Stadio italiano del satellite - Quiz n°3 - Statistics

Statistiche generali
  • Questo quiz è stato fatto 9 volte
  • Il punteggio medio è 6 su 12
Statistiche sulle risposte
con Immagini Risposta % Corretto
Stadio Ezio Scida - Crotone
86%
Stadio Ennio Tardini - Parma
71%
Stadio San Nicola - Bari
71%
Stadio Artemio Franchi - Siena
57%
Stadio Città di Arezzo - Arezzo
57%
Stadio Luigi Ferraris - Genova
57%
Stadio Pino Zaccheria - Foggia
57%
Stadio Cino e Lillo Del Duca - Ascoli
43%
Stadio Olimpico Grande Torino - Torino
43%
Stadio Euganeo - Padova
29%
Stadio Arena Garibaldi-Romeo Anconetani - Pisa
14%
Stadio Porta Elisa - Lucca
14%
Nessun quiz corrispondente trovato
Distribuzione punteggi
Percentuale di utenti per punteggio
Percentile per numero di risposta
I tuoi punteggi nel tempo
Non hai fatto questo quiz